[Event "Ruhrgebiet Verbandsbezirksliga Gr 1"]
[Site "Ruhrgebiet"]
[Date "2018.11.11"]
[Round "3.2"]
[White "Roeller, Bernhard"]
[Black "Stawinoga, Pascal"]
[Result "1/2-1/2"]
[WhiteElo "1795"]
[BlackElo "1525"]
[PlyCount "75"]
[EventDate "2018.09.30"]
[EventType "team-tourn"]
[EventRounds "9"]
[EventCountry "GER"]
[SourceTitle "EXT 2022"]
[Source "ChessBase"]
[SourceDate "2021.10.06"]
[SourceVersion "1"]
[SourceVersionDate "2021.10.06"]
[SourceQuality "1"]
[WhiteTeam "Hamm SG Caissa"]
[BlackTeam "Unna SV II"]
[WhiteTeamCountry "GER"]
[BlackTeamCountry "GER"]

1. e4 c5 2. f4 d6 3. Nf3 Nc6 4. c3 Bg4 5. Be2 e6 6. d3 Nge7 7. Na3 d5 8. 0-0 Qc7 9. Nb5 Qd8 10. Qc2 a6 11. Na3 Qc7 12. Be3 Ng6 13. e5 Be7 14. Rac1 0-0 15. h3 Bxf3 16. Bxf3 Nh4 17. Bg4 Qd7 18. Nb1 b5 19. d4 cxd4 20. cxd4 Rfc8 21. Qe2 f5 22. exf6 Bxf6 23. Qd2 Ne7 24. Rfe1 Nhf5 25. Bf2 Rc6 26. Bxf5 Nxf5 27. g4 Nd6 28. g5 Bd8 29. Nc3 Ba5 30. Qd3 Rf8 31. Be3 Nf5 32. Bd2 Bb6 33. Ne2 Rc4 34. Be3 Rfc8 35. b3 Rc2 36. a3 Qa7 37. Bf2 a5 38. Rcd1 1/2-1/2

[Event "Ruhrgebiet Bezirksliga 17/18"]
[Site "Ruhrgebiet"]
[Date "2018.02.18"]
[Round "7.8"]
[White "Stawinoga, Pascal"]
[Black "Mockwa, Guenter"]
[Result "1-0"]
[WhiteElo "1445"]
[BlackElo "1237"]
[PlyCount "55"]
[EventDate "2017.09.03"]
[EventType "team-tourn"]
[EventRounds "9"]
[EventCountry "GER"]
[SourceTitle "EXT 2022"]
[Source "ChessBase"]
[SourceDate "2021.10.06"]
[SourceVersion "1"]
[SourceVersionDate "2021.10.06"]
[SourceQuality "1"]
[WhiteTeam "Unna SV II"]
[BlackTeam "Boenen SV II"]
[WhiteTeamCountry "GER"]
[BlackTeamCountry "GER"]

1. e4 e5 2. Nf3 Nf6 3. Nc3 Bb4 4. Bc4 d6 5. d3 d5 6. exd5 Nxd5 7. Bd2 Bxc3 8. bxc3 Bg4 9. 0-0 0-0 10. Qe2 Nc6 11. Rab1 Rb8 12. h3 Bh5 13. g4 Bg6 14. Nxe5 Re8 15. d4 h6 16. f4 Nxe5 17. fxe5 Bxc2 18. Rb2 Ba4 19. Qf3 Bc6 20. Qxf7+ Kh8 21. Bd3 Rf8 22. Qg6 Rxf1+ 23. Kxf1 Qg8 24. Bxh6 Rf8+ 25. Rf2 Ne7 26. Bxg7+ Qxg7 27. Rxf8+ Ng8 28. Qh5+ 1-0

[Event "Ruhrgebiet Bezirksliga 17/18"]
[Site "Ruhrgebiet"]
[Date "2017.09.03"]
[Round "1.7"]
[White "Stawinoga, Pascal"]
[Black "Watzlawek, Volker"]
[Result "0-1"]
[WhiteElo "1445"]
[BlackElo "1615"]
[PlyCount "48"]
[EventDate "2017.09.03"]
[EventType "team-tourn"]
[EventRounds "9"]
[EventCountry "GER"]
[SourceTitle "EXT 2022"]
[Source "ChessBase"]
[SourceDate "2021.10.06"]
[SourceVersion "1"]
[SourceVersionDate "2021.10.06"]
[SourceQuality "1"]
[WhiteTeam "Unna SV II"]
[BlackTeam "Unna SV"]
[WhiteTeamCountry "GER"]
[BlackTeamCountry "GER"]

1. e4 e6 2. Qe2 c5 3. Nf3 Nc6 4. g3 Be7 5. Bg2 Nf6 6. 0-0 0-0 7. d3 Rb8 8. Bf4 d6 9. e5 Nd5 10. Bc1 Bd7 11. exd6 Bxd6 12. Nbd2 b5 13. Ne4 Be7 14. c4 bxc4 15. dxc4 Nf6 16. b3 Nxe4 17. Qxe4 Bf6 18. Rb1 Qa5 19. Bf4 e5 20. Nxe5 Bxe5 21. Bxe5 Rfe8 22. Rfe1 Rxe5 23. Qf4 Rxe1+ 24. Rxe1 Qxe1+ 0-1